[Event "Titled Tue 24th Jun Early"]
[Site "chess.com INT"]
[Date "2025.06.24"]
[Round "1"]
[White "Vandan Alankar Sawai"]
[Black "Gonzalez Guedes, Iyan"]
[Result "1-0"]
[WhiteTitle "CM"]
[BlackTitle "FM"]
[WhiteElo "1955"]
[BlackElo "2238"]
[WhiteFideId "25973096"]
[BlackFideId "24524131"]
[EventDate "2025.06.24"]

1. e4 c5 2. Nf3 d6 3. d4 cxd4 4. Qxd4 Nc6 5. Bb5 Bd7 6. Bxc6 bxc6 7. e5 Qb6 8.
exd6 Qxd4 9. Nxd4 exd6 10. Nc3 Nf6 11. Bg5 Be7 12. O-O-O O-O-O 13. Rhe1 Rhe8 14.
Re2 Nd5 15. Bxe7 Nxe7 16. Rde1 Ng6 17. Rxe8 Rxe8 18. Rxe8+ Bxe8 19. Nf5 Kc7 20.
Nxg7 Bd7 21. Nh5 Bf5 22. Ng3 Be6 23. Nce4 Nf4 24. Nf6 h6 25. Ng8 h5 26. Kd2 h4
27. Ne2 Nxg2 28. Nf6 h3 29. b3 d5 30. Nh5 Nh4 31. Ke3 Bg4 32. Nf6 Ng2+ 33. Kd2
Bf5 34. Ng3 Be6 35. Nfh5 Kd6 36. f3 Ke5 37. Ke2 Nf4+ 38. Nxf4 Kxf4 39. Kf2 f6
40. Ne2+ Ke5 41. Ke3 Bf5 42. f4+ Kd6 43. c3 Bb1 44. a3 Bc2 45. b4 Bd1 46. Nd4
Bg4 47. Nb3 1-0

[Event "Titled Tue 24th Jun Early"]
[Site "chess.com INT"]
[Date "2025.06.24"]
[Round "1"]
[White "Galchenko, Matvey"]
[Black "Sarveshwaran V"]
[Result "1-0"]
[WhiteTitle "IM"]
[BlackTitle "CM"]
[WhiteElo "2435"]
[BlackElo "2290"]
[WhiteFideId "24175480"]
[BlackFideId "25699016"]
[EventDate "2025.06.24"]

1. f4 c5 2. Nf3 d5 3. g3 Nc6 4. Bg2 g6 5. O-O Bg7 6. d3 Nf6 7. Nc3 d4 8. Na4 Qa5
9. c4 dxc3 10. Nxc3 O-O 11. e4 Bg4 12. h3 Bd7 13. e5 Ne8 14. Be3 Nc7 15. Qe2 Ne6
16. Qf2 Rac8 17. a3 Qa6 18. Rfd1 Rfd8 19. Rac1 Ncd4 20. Nd5 Nxf3+ 21. Bxf3 Bf8
22. Nc3 Nd4 23. Bg2 Nb3 24. Rc2 Bf5 25. Re2 Bxd3 26. Ree1 Bc4 27. g4 b5 28. f5
b4 29. axb4 cxb4 30. Nd5 Bxd5 31. Bxd5 e6 32. Bxb3 Rxd1 33. Rxd1 Qc6 34. fxe6
fxe6 35. Qf6 Re8 36. Rf1 Qd7 37. Ba4 1-0

[Event "Titled Tue 24th Jun Early"]
[Site "chess.com INT"]
[Date "2025.06.24"]
[Round "1"]
[White "Hernandez Jimenez, Alexander Andres"]
[Black "Marin Ferragut, Pau"]
[Result "0-1"]
[WhiteTitle "FM"]
[BlackTitle "FM"]
[WhiteElo "2069"]
[BlackElo "2380"]
[WhiteFideId "3900452"]
[BlackFideId "54716020"]
[EventDate "2025.06.24"]

1. e4 g6 2. d4 Bg7 3. Nc3 d6 4. Nf3 a6 5. a4 Nc6 6. Bc4 e5 7. dxe5 Nxe5 8. Nxe5
Bxe5 9. O-O Ne7 10. f4 Bg7 11. f5 gxf5 12. Bg5 c6 13. Qh5 d5 14. exd5 O-O 15.
Rae1 Qb6+ 16. Kh1 Ng6 17. dxc6 bxc6 18. Be7 Re8 19. Bc5 Qd8 20. Rxe8+ Qxe8 21.
Ne2 Be6 22. Bxe6 fxe6 23. Ng3 Bxb2 24. Qg5 Qd8 25. Qe3 Be5 26. Nh5 Qh4 27. Ng3
f4 28. Qb3 fxg3 29. Qxe6+ Kh8 30. h3 Rd8 31. Qxc6 Qc4 32. Re1 0-1

[Event "Titled Tue 24th Jun Early"]
[Site "chess.com INT"]
[Date "2025.06.24"]
[Round "1"]
[White "King, Alexander"]
[Black "Romany, Joy"]
[Result "1-0"]
[WhiteTitle "FM"]
[BlackTitle "WIM"]
[WhiteElo "2263"]
[BlackElo "1960"]
[WhiteFideId "2063620"]
[BlackFideId "10656820"]
[EventDate "2025.06.24"]

1. d4 Nf6 2. Nf3 e6 3. g3 c5 4. c4 d5 5. Bg2 Nc6 6. O-O Be7 7. Nc3 O-O 8. cxd5
Nxd5 9. Nxd5 Qxd5 10. Ne5 Qxd4 11. Nxc6 bxc6 12. Bxc6 Rb8 13. Rb1 Bb7 14. Bxb7
Rxb7 15. Qc2 Qd5 16. b3 Bf6 17. Rd1 Qc6 18. Be3 Rc7 19. Rbc1 Be7 20. Rd3 Rfc8
21. Rc3 Qb5 22. Rc4 a5 23. h4 Kf8 24. Qxh7 Bf6 25. Qc2 Be7 26. Qe4 Qc6 27. Qh7
Bd6 28. h5 f5 29. h6 f4 30. Bxf4 Bxf4 31. Rxf4+ Ke8 32. hxg7 1-0

[Event "Titled Tue 24th Jun Early"]
[Site "chess.com INT"]
[Date "2025.06.24"]
[Round "1"]
[White "Savicevs, Arsenijs"]
[Black "Sipila, Vilka"]
[Result "1-0"]
[WhiteTitle "FM"]
[BlackTitle "IM"]
[WhiteElo "2211"]
[BlackElo "2465"]
[WhiteFideId "11617489"]
[BlackFideId "505455"]
[EventDate "2025.06.24"]

1. e4 g6 2. d4 Bg7 3. Nf3 d6 4. Be2 a6 5. O-O Nf6 6. Nc3 O-O 7. a4 Nc6 8. a5 Bg4
9. d5 Nb4 10. h3 Bxf3 11. Bxf3 c6 12. Be3 Rc8 13. Bb6 Qd7 14. Rc1 cxd5 15. exd5
Rc4 16. Ne2 e6 17. dxe6 fxe6 18. c3 Nbd5 19. Bd4 e5 20. Qb3 Rfc8 21. Ba7 e4 22.
Bg4 Nxg4 23. hxg4 Qxg4 24. Qxb7 Nf6 25. Nd4 R4c7 26. Qxa6 Ra8 27. Nb5 Rf7 28.
Qxd6 Rfxa7 29. Nxa7 Rxa7 30. Qb8+ Bf8 31. Qxa7 Nh5 32. f3 Qg5 33. b4 Nf4 34. Rc2
e3 35. g4 e2 36. Re1 h5 37. Rcxe2 hxg4 38. fxg4 Qxg4+ 39. Kf2 Qg2+ 40. Ke3 Nxe2
41. Rxe2 Qg1+ 42. Rf2 Qg3+ 43. Kd2 Qd6+ 44. Qd4 Qe6 45. Kc2 Qa2+ 46. Kd3 Qb1+
47. Kc4 Qa2+ 48. Kb5 Qe6 49. Qc4 Qxc4+ 50. Kxc4 Bc5 51. Rg2 Bf8 52. Kd5 Kf7 53.
a6 Bc5 54. bxc5 1-0

[Event "Titled Tue 24th Jun Early"]
[Site "chess.com INT"]
[Date "2025.06.24"]
[Round "1"]
[White "Miserendino, Alfredo"]
[Black "Terkiewicz, Bruno"]
[Result "0-1"]
[BlackTitle "CM"]
[WhiteElo "2032"]
[BlackElo "2183"]
[WhiteFideId "101800"]
[BlackFideId "21093245"]
[EventDate "2025.06.24"]

1. e4 c5 2. Nf3 d6 3. Bb5+ Nd7 4. d4 cxd4 5. Qxd4 a6 6. Bxd7+ Qxd7 7. c4 e5 8.
Qd3 b5 9. Na3 Nf6 10. cxb5 axb5 11. O-O b4 12. Nc4 Qc6 13. Nfd2 Bb7 14. f3 Be7
15. Rd1 O-O 16. b3 Rfd8 17. Ne3 d5 18. exd5 Nxd5 19. Nxd5 Rxd5 20. Qf5 g6 21.
Qe4 Rad8 22. Kh1 Qc3 23. Rb1 Rxd2 24. Bxd2 Bxe4 25. Bxc3 Bxb1 26. Rxd8+ Bxd8 27.
Bxb4 Bxa2 28. Bd6 f6 29. b4 Kf7 30. g3 Ke6 31. Bc5 Bd5 32. Kg2 Bc6 33. Kf2 Kd5
34. Ke3 f5 35. g4 Bg5+ 36. Ke2 e4 37. gxf5 gxf5 38. fxe4+ Kxe4 39. h3 Bb5+ 40.
Kf2 Bh4+ 41. Kg2 f4 0-1

[Event "Titled Tue 24th Jun Early"]
[Site "chess.com INT"]
[Date "2025.06.24"]
[Round "1"]
[White "Mika, Tomasz"]
[Black "Durarbayli, Vasif"]
[Result "0-1"]
[WhiteTitle "CM"]
[BlackTitle "GM"]
[WhiteElo "2227"]
[BlackElo "2612"]
[WhiteFideId "1132970"]
[BlackFideId "13402935"]
[EventDate "2025.06.24"]

1. e4 c6 2. d4 d5 3. e5 Bf5 4. h4 h5 5. Bd3 Bxd3 6. Qxd3 e6 7. Nf3 Qa5+ 8. Nbd2
Qa6 9. c4 Ne7 10. O-O Nf5 11. b3 Nd7 12. a4 Bb4 13. Ba3 Bxa3 14. Rxa3 O-O 15. b4
dxc4 16. Nxc4 Nb6 17. Rc1 Rfd8 18. a5 Nd5 19. Rb3 Rd7 20. Qe4 Rad8 21. Ng5 g6
22. g4 hxg4 23. Qxg4 Nde7 24. Nd6 Nxd6 25. exd6 Rxd6 26. Nxf7 Kxf7 27. Rf3+ Ke8
28. Qf4 Kd7 29. Rc5 Qe2 30. b5 cxb5 31. Rfc3 Rc6 32. a6 bxa6 33. Re5 Qd1+ 34.
Kg2 Rxc3 0-1

[Event "Titled Tue 24th Jun Early"]
[Site "chess.com INT"]
[Date "2025.06.24"]
[Round "1"]
[White "Chigaev, Maksim"]
[Black "Alikulov, Elbek"]
[Result "1-0"]
[WhiteTitle "GM"]
[BlackTitle "IM"]
[WhiteElo "2635"]
[BlackElo "2305"]
[WhiteFideId "4108116"]
[BlackFideId "14203308"]
[EventDate "2025.06.24"]

1. Nf3 Nf6 2. c4 g6 3. g3 Bg7 4. Bg2 O-O 5. O-O d6 6. Nc3 c6 7. d3 e5 8. c5 Nd5
9. cxd6 Qxd6 10. Bd2 Be6 11. a3 Nd7 12. Ng5 Nxc3 13. bxc3 Bd5 14. e4 Be6 15. Be3
c5 16. a4 h6 17. Nxe6 Qxe6 18. a5 b6 19. Qa4 Rac8 20. axb6 axb6 21. Rfd1 Nf6 22.
h3 c4 23. d4 exd4 24. Bxd4 Nxe4 25. Re1 Bxd4 26. Rxe4 Bxf2+ 27. Kxf2 Qf6+ 28.
Kg1 Qxc3 29. Kh2 b5 30. Qa7 b4 31. Rf1 b3 32. Re7 Qg7 33. Bd5 b2 34. Rexf7 Rxf7
35. Rxf7 Qc3 36. Rf8+ Kxf8 37. Qf7# 1-0

[Event "Titled Tue 24th Jun Early"]
[Site "chess.com INT"]
[Date "2025.06.24"]
[Round "1"]
[White "Kiremitciyan, Ari"]
[Black "Aaradhya Das"]
[Result "0-1"]
[WhiteTitle "FM"]
[BlackTitle "WCM"]
[WhiteElo "2271"]
[BlackElo "1786"]
[WhiteFideId "6373445"]
[BlackFideId "33361436"]
[EventDate "2025.06.24"]

1. Nf3 d5 2. g3 Nf6 3. Bg2 e6 4. O-O Be7 5. b3 O-O 6. Bb2 Nbd7 7. c4 b6 8. cxd5
exd5 9. Nc3 Bb7 10. e3 c5 11. d4 Rc8 12. dxc5 Nxc5 13. Nd4 Ba6 14. Ncb5 Qd7 15.
a4 Nce4 16. Qd3 Bb4 17. Rac1 Nc5 18. Qb1 Bxb5 19. axb5 Nfe4 20. Rfd1 Nd2 21. Qa2
Nd3 22. Rxc8 Rxc8 23. Nc6 Qg4 24. Rxd2 Bxd2 25. Ne7+ Kh8 26. Nxc8 Qd1+ 27. Bf1
Qe1 28. Kg2 Qxf2+ 0-1

[Event "Titled Tue 24th Jun Early"]
[Site "chess.com INT"]
[Date "2025.06.24"]
[Round "1"]
[White "Saiz Rodriguez, Daniel Evelio"]
[Black "Tang, Andrew"]
[Result "1-0"]
[WhiteTitle "FM"]
[BlackTitle "GM"]
[WhiteElo "2187"]
[BlackElo "2529"]
[WhiteFideId "3523420"]
[BlackFideId "2059630"]
[EventDate "2025.06.24"]

1. c4 e6 2. e4 d5 3. exd5 exd5 4. d4 Nf6 5. Nc3 c6 6. Nf3 Be7 7. cxd5 Nxd5 8.
Bd3 Bg4 9. O-O O-O 10. h3 Bh5 11. Re1 Nf6 12. Bc4 Nbd7 13. g4 Bg6 14. Ne5 Nb6
15. Bb3 Nfd7 16. Nxg6 hxg6 17. Qf3 Nf6 18. Bf4 Qd7 19. Rad1 Rad8 20. Ne4 Nfd5
21. Nc5 Qc8 22. Bg3 Rfe8 23. a4 a5 24. Re4 Nf6 25. g5 Nxe4 26. Qxf7+ Kh7 27. Be5
Bf8 28. Qg8# 1-0

[Event "Titled Tue 24th Jun Early"]
[Site "chess.com INT"]
[Date "2025.06.24"]
[Round "1"]
[White "Maranhao, Jose Renato Ruiz"]
[Black "Aghaei, Alireza"]
[Result "0-1"]
[BlackTitle "CM"]
[WhiteElo "1954"]
[BlackElo "2204"]
[WhiteFideId "2135175"]
[BlackFideId "12509914"]
[EventDate "2025.06.24"]

1. e4 c5 2. Nf3 e6 3. d4 cxd4 4. Nxd4 Nf6 5. Nc3 Nc6 6. Be3 Bb4 7. Bd3 d5 8.
Nxc6 bxc6 9. e5 d4 10. exf6 Qxf6 11. Bxd4 Qxd4 12. O-O Bxc3 13. bxc3 Qxc3 14.
Qh5 h6 15. Rae1 O-O 16. Re3 Qf6 17. Rg3 Rb8 18. h4 Rb4 19. c4 Rd8 20. Rf3 Qe7
21. Re1 Rb2 22. Qa5 c5 23. Be4 Bb7 24. Bxb7 Rxb7 25. Rg3 Rbd7 0-1

[Event "Titled Tue 24th Jun Early"]
[Site "chess.com INT"]
[Date "2025.06.24"]
[Round "1"]
[White "Lopusiewicz, Piotr"]
[Black "Toktomushev, Teimur"]
[Result "0-1"]
[WhiteTitle "FM"]
[BlackTitle "FM"]
[WhiteElo "2301"]
[BlackElo "2390"]
[WhiteFideId "1116029"]
[BlackFideId "14176726"]
[EventDate "2025.06.24"]

1. d4 d5 2. Bf4 Nf6 3. e3 c5 4. Nf3 Nc6 5. Nbd2 Bf5 6. Bb5 e6 7. c3 Be7 8. Ne5
Rc8 9. Qa4 Qb6 10. dxc5 Bxc5 11. Nb3 O-O 12. Nxc5 Qxc5 13. Nxc6 bxc6 14. Ba6
Rcd8 15. O-O Qb6 16. h3 Ne4 17. Qa3 c5 18. Be2 Rfe8 19. c4 d4 20. exd4 cxd4 21.
c5 Qxc5 22. Qxc5 Nxc5 23. Rac1 Ne4 24. Bc7 Rd5 25. Bf3 d3 26. Rfd1 g5 27. Rc4
Rc8 28. b4 h5 29. a4 g4 30. hxg4 hxg4 31. Bxe4 Bxe4 32. Rxe4 Rxc7 33. Rxg4+ Kf8
34. Rg3 Rc3 35. b5 Ra3 36. Re3 Ke7 37. g4 Kd6 38. Kg2 e5 39. Kf3 Rd4 40. Re4 Kd5
41. Re3 Raxa4 42. Rexd3 e4+ 0-1

[Event "Titled Tue 24th Jun Early"]
[Site "chess.com INT"]
[Date "2025.06.24"]
[Round "1"]
[White "Zdorov, Egor Vit"]
[Black "Ejsymont, Blanka"]
[Result "1-0"]
[WhiteTitle "CM"]
[BlackTitle "WCM"]
[WhiteElo "2101"]
[BlackElo "1984"]
[WhiteFideId "55688560"]
[BlackFideId "21088268"]
[EventDate "2025.06.24"]

1. d4 d5 2. c4 e6 3. Nc3 Nf6 4. cxd5 exd5 5. Bg5 c6 6. e3 Bf5 7. Qf3 Bg6 8. Bxf6
Qxf6 9. Qxf6 gxf6 10. Nf3 Nd7 11. Nh4 Bd6 12. Ne2 f5 13. f4 Nf6 14. Ng3 Ng4 15.
Ngxf5 Bxf5 16. Nxf5 Kd7 17. Be2 Nf6 18. Bf3 Rae8 19. Kf2 Ne4+ 20. Bxe4 Rxe4 21.
Rae1 Rhe8 22. Ng3 R4e6 23. Kf3 c5 24. dxc5 Bxc5 25. e4 dxe4+ 26. Rxe4 Bd6 27.
Rhe1 Rxe4 28. Nxe4 Be7 29. Rd1+ Kc7 30. Nc3 Kb8 31. Re1 Kc8 32. Nd5 Kd8 33. Rxe7
Rxe7 34. Nxe7 Kxe7 35. Ke4 Kf6 36. g4 h6 37. h4 Kg6 38. f5+ Kf6 39. Kf4 Kg7 40.
g5 h5 41. Ke5 Kf8 42. Kf6 b5 43. g6 a5 44. Kg5 fxg6 45. fxg6 Kg7 46. Kxh5 b4 47.
Kg5 a4 48. h5 b3 49. h6+ Kg8 50. a3 Kh8 51. Kf6 Kg8 52. h7+ Kh8 53. g7+ Kxh7 54.
Kf7 Kh6 55. g8=Q 1-0

[Event "Titled Tue 24th Jun Early"]
[Site "chess.com INT"]
[Date "2025.06.24"]
[Round "1"]
[White "Di Benedetto, Guillermo"]
[Black "Le, Tuan Minh"]
[Result "1-0"]
[WhiteTitle "FM"]
[BlackTitle "GM"]
[WhiteElo "2289"]
[BlackElo "2598"]
[WhiteFideId "111120"]
[BlackFideId "12401153"]
[EventDate "2025.06.24"]

1. d4 d5 2. c4 e6 3. Nf3 h6 4. g3 Nf6 5. Bg2 Bd6 6. O-O O-O 7. Qc2 b6 8. cxd5
exd5 9. Rd1 Re8 10. Bf4 Bb7 11. Nc3 Nc6 12. Bxd6 Qxd6 13. Rac1 a6 14. e3 Nd8 15.
Ne2 Ne6 16. Nf4 Nxf4 17. gxf4 Re7 18. Ne5 Qe6 19. Bf3 Rc8 20. b4 Ne4 21. Bg4 f5
22. Bh5 c5 23. bxc5 bxc5 24. dxc5 Rxc5 25. Qb3 Rb5 26. Qa3 g5 27. f3 Nf6 28. Bg6
Nd7 29. Bxf5 Qxf5 30. Qxe7 Nxe5 31. Qxe5 Qxe5 32. fxe5 Kf7 33. Rc7+ Ke6 34. a4
Rb2 35. f4 gxf4 36. exf4 a5 37. Rf1 d4 38. Rd1 Rb4 39. Kf2 Rxa4 40. Rxb7 1-0

[Event "Titled Tue 24th Jun Early"]
[Site "chess.com INT"]
[Date "2025.06.24"]
[Round "1"]
[White "Jake Shanty"]
[Black "Efimov, Leonid"]
[Result "1-0"]
[WhiteTitle "FM"]
[BlackTitle "FM"]
[WhiteElo "2252"]
[BlackElo "2260"]
[WhiteFideId "33478066"]
[BlackFideId "54165725"]
[EventDate "2025.06.24"]

1. Nf3 Nf6 2. b3 d5 3. Bb2 c5 4. e3 Nc6 5. Bb5 e6 6. O-O Bd6 7. Bxc6+ bxc6 8. d3
Qc7 9. Nbd2 e5 10. e4 O-O 11. Re1 Nd7 12. Nf1 f6 13. Ne3 Nb6 14. a4 a5 15. Nh4
g6 16. Nf3 Be6 17. Qe2 c4 18. bxc4 dxc4 19. d4 Bb4 20. c3 Be7 21. Ba3 Bxa3 22.
Rxa3 exd4 23. cxd4 Rfe8 24. Rc1 Rad8 25. Raa1 Bf7 26. Ng4 Qe7 27. Qd2 h5 28.
Nh6+ Kg7 29. Nxf7 Qxf7 30. Qxa5 Nd7 31. e5 fxe5 32. dxe5 Qe6 33. Qc3 Nxe5 34.
Re1 Rd5 35. Nxe5 Rxe5 36. f4 1-0

[Event "Titled Tue 24th Jun Early"]
[Site "chess.com INT"]
[Date "2025.06.24"]
[Round "1"]
[White "Fedotov, Nikita2"]
[Black "Murthy, Pappu"]
[Result "1-0"]
[WhiteTitle "FM"]
[WhiteElo "2278"]
[BlackElo "1838"]
[WhiteFideId "24161446"]
[BlackFideId "2013401"]
[EventDate "2025.06.24"]

1. Nf3 d5 2. c4 e6 3. g3 Nf6 4. Bg2 Bd6 5. O-O O-O 6. b3 b6 7. Bb2 Bb7 8. Nc3
Nbd7 9. Rc1 a6 10. e3 Qe7 11. Rc2 Rac8 12. d3 Rfe8 13. Re1 dxc4 14. bxc4 e5 15.
e4 c6 16. d4 g6 17. Rd2 Bb4 18. Rd3 exd4 19. Nxd4 Ne5 20. a3 Nxd3 21. Qxd3 Bc5
22. Na4 Rcd8 23. Rd1 Nh5 24. h3 Ng7 25. Qc3 f6 26. Kh2 Ne6 27. Nxe6 Rxd1 28.
Nexc5 bxc5 29. Nb6 1-0

[Event "Titled Tue 24th Jun Early"]
[Site "chess.com INT"]
[Date "2025.06.24"]
[Round "1"]
[White "Dighton, Simon"]
[Black "Van Roon, Sjoerd"]
[Result "0-1"]
[WhiteTitle "CM"]
[BlackTitle "FM"]
[WhiteElo "2237"]
[BlackElo "2270"]
[WhiteFideId "408603"]
[BlackFideId "1051075"]
[EventDate "2025.06.24"]

1. d4 d5 2. Bf4 Nf6 3. e3 c5 4. c3 Nc6 5. Nd2 e6 6. Ngf3 Be7 7. Bd3 O-O 8. O-O
c4 9. Bc2 b5 10. e4 b4 11. e5 Ne8 12. h4 Bxh4 13. Nxh4 Qxh4 14. Bg3 Qh6 15. Nf3
f5 16. exf6 Nxf6 17. Re1 Ne7 18. Bd6 Re8 19. cxb4 Bd7 20. Ne5 Nf5 21. Bxf5 exf5
22. Qf3 Ne4 23. Nxd7 Qxd6 24. Ne5 Re6 25. a3 Rf8 26. Rac1 g5 27. g3 f4 28. g4 h5
29. Rxe4 dxe4 30. Qxe4 hxg4 31. Rxc4 g3 32. f3 Qe7 33. Qd3 Qg7 34. Rc6 Rxc6 35.
Nxc6 Qh6 36. Qc4+ Kh8 37. Qc2 Re8 38. Kg2 Qh2+ 39. Kf1 Qh1# 0-1

[Event "Titled Tue 24th Jun Early"]
[Site "chess.com INT"]
[Date "2025.06.24"]
[Round "1"]
[White "Rahman, Masruri"]
[Black "Ochedzan, Filip"]
[Result "1-0"]
[WhiteTitle "FM"]
[BlackTitle "CM"]
[WhiteElo "2407"]
[BlackElo "1983"]
[WhiteFideId "7101163"]
[BlackFideId "21892610"]
[EventDate "2025.06.24"]

1. d4 b6 2. Bf4 Bb7 3. e3 Nf6 4. Nd2 e6 5. Ngf3 d6 6. Bb5+ Nbd7 7. O-O Be7 8.
Re1 O-O 9. h3 a6 10. Bd3 Re8 11. c3 Nf8 12. Qe2 Ng6 13. Bh2 Qd7 14. a4 Bf8 15.
e4 e5 16. d5 Nh5 17. Qd1 Nhf4 18. Bf1 c6 19. Nc4 Qc7 20. Ne3 cxd5 21. exd5 Qd7
22. c4 Rac8 23. Qb3 Qc7 24. Nd2 Rb8 25. Rac1 Bc8 26. Ne4 Qd7 27. Qc2 h6 28. Nc3
f5 29. Qd1 Qf7 30. g3 Nxh3+ 31. Bxh3 f4 32. Be6 Bxe6 33. dxe6 Rxe6 34. Ned5 fxg3
35. fxg3 Ree8 36. Rf1 Qd7 37. Qh5 Kh7 38. Ne4 Be7 39. Rf7 Rf8 40. Nef6+ Bxf6 41.
Nxf6+ 1-0

[Event "Titled Tue 24th Jun Early"]
[Site "chess.com INT"]
[Date "2025.06.24"]
[Round "1"]
[White "Nakonechnyi, Oleksii"]
[Black "Smietanska, Wiktoria"]
[Result "0-1"]
[WhiteTitle "CM"]
[BlackTitle "CM"]
[WhiteElo "2222"]
[BlackElo "2238"]
[WhiteFideId "34173714"]
[BlackFideId "21869359"]
[EventDate "2025.06.24"]

1. e4 c5 2. Nf3 d6 3. c3 Nf6 4. e5 dxe5 5. Nxe5 Nbd7 6. Nxd7 Bxd7 7. Be2 Bc6 8.
O-O e6 9. d3 Bd6 10. Be3 O-O 11. Nd2 b6 12. Nc4 Bc7 13. Bg5 h6 14. Bh4 Qe7 15.
Bf3 Bxf3 16. Qxf3 Rad8 17. Rad1 Rd7 18. Rfe1 Rfd8 19. Re3 Rd5 20. a4 a6 21. Rde1
b5 22. axb5 axb5 23. Na3 b4 24. Nc4 bxc3 25. bxc3 g5 26. Bg3 Bxg3 27. hxg3 Kg7
28. Ne5 Qd6 29. c4 Rd4 30. Nc6 g4 31. Nxd4 gxf3 32. Nxf3 Ra8 33. Rd1 Ra3 34. Ne5
Qd4 35. Nf3 Qb2 36. Rd2 Qc1+ 37. Re1 Qc3 38. Red1 Ra1 39. Ne1 Rxd1 40. Rxd1 Nd7
41. Kf1 Ne5 42. Ke2 Qb2+ 43. Rd2 Qd4 44. Nc2 Qc3 45. Ne3 Nc6 46. Nd1 Nd4+ 47.
Ke1 Qb4 0-1

[Event "Titled Tue 24th Jun Early"]
[Site "chess.com INT"]
[Date "2025.06.24"]
[Round "1"]
[White "Bilous, Mykhailo"]
[Black "Grandelius, Nils"]
[Result "1-0"]
[WhiteTitle "IM"]
[BlackTitle "GM"]
[WhiteElo "2419"]
[BlackElo "2643"]
[WhiteFideId "14127555"]
[BlackFideId "1710400"]
[EventDate "2025.06.24"]

1. d4 d5 2. c4 e6 3. Nc3 Nc6 4. cxd5 exd5 5. Nf3 a6 6. Bf4 Nf6 7. e3 Nh5 8. Bg5
Be7 9. Bxe7 Nxe7 10. Ne5 Nf6 11. Bd3 O-O 12. O-O c6 13. Qc2 g6 14. b4 Bf5 15. a4
Bxd3 16. Qxd3 Qd6 17. Rab1 Rfc8 18. a5 Nf5 19. Na4 Qe7 20. Nb6 Rab8 21. Nxc8
Rxc8 22. Rfc1 Re8 23. b5 cxb5 24. Qc2 Nd6 25. Qc7 Nc4 26. Qxe7 Rxe7 27. Nxc4
dxc4 28. Kf1 Nd5 29. Ke2 Re6 30. Kd2 f5 31. Re1 b4 32. f3 b3 33. e4 fxe4 34.
fxe4 Nf4 35. g3 Nd3 36. Re3 Nf2 37. e5 Ng4 38. Re2 Rc6 39. Kc3 Kf7 40. Rf1+ Ke7
41. d5 Rc5 42. d6+ Ke6 43. Rd1 Rc8 44. d7 Rd8 45. Rd6+ Ke7 46. Kxc4 Nxe5+ 47.
Kd5 b2 48. Rxe5+ Kf7 49. Re1 1-0

[Event "Titled Tue 24th Jun Early"]
[Site "chess.com INT"]
[Date "2025.06.24"]
[Round "1"]
[White "Koshulyan, Egor A."]
[Black "Hartge, Gedeon"]
[Result "1-0"]
[WhiteTitle "FM"]
[BlackTitle "FM"]
[WhiteElo "2235"]
[BlackElo "2328"]
[WhiteFideId "24237000"]
[BlackFideId "12932116"]
[EventDate "2025.06.24"]

1. e4 c5 2. Nf3 e6 3. b3 b6 4. d4 Bb7 5. Bd3 cxd4 6. Nxd4 Nc6 7. Bb2 Nf6 8. Nd2
Bc5 9. Nxc6 Bxc6 10. Qe2 Qc7 11. O-O-O Rc8 12. Kb1 d6 13. g4 O-O 14. g5 Nd7 15.
f4 Rfd8 16. Rhf1 Nf8 17. f5 e5 18. h4 a5 19. h5 a4 20. g6 axb3 21. cxb3 Ra8 22.
f6 fxg6 23. Bc4+ Kh8 24. Qg4 d5 25. exd5 Bxd5 26. Bxd5 Rxd5 27. hxg6 Nxg6 28.
Rh1 Nf8 29. Ne4 Rad8 30. Rdf1 g6 31. f7 Bd4 32. Qh4 Qc6 33. Nf6 Kg7 34. Qh6+ Kh8
35. Qxf8+ Rxf8 36. Rxh7# 1-0

[Event "Titled Tue 24th Jun Early"]
[Site "chess.com INT"]
[Date "2025.06.24"]
[Round "1"]
[White "Zakin, Ilay"]
[Black "Kovalev, Vladislav"]
[Result "0-1"]
[WhiteTitle "FM"]
[BlackTitle "GM"]
[WhiteElo "2300"]
[BlackElo "2557"]
[WhiteFideId "2848279"]
[BlackFideId "13504398"]
[EventDate "2025.06.24"]

1. Nf3 Nf6 2. g3 g6 3. Bg2 Bg7 4. O-O O-O 5. c4 d6 6. Nc3 Nc6 7. d3 e5 8. Ng5 h6
9. Nge4 Ne8 10. Rb1 f5 11. Nd2 g5 12. b4 g4 13. b5 Ne7 14. a4 h5 15. a5 Rb8 16.
Qb3 Kh8 17. Nd5 Nxd5 18. cxd5 b6 19. Nc4 h4 20. e3 Nf6 21. Bb2 Nh7 22. axb6 axb6
23. Ra1 Ng5 24. Ra7 Bb7 25. Rfa1 h3 26. Bh1 e4 27. Bxg7+ Kxg7 28. Qc3+ Qf6 29.
Qxf6+ Kxf6 30. dxe4 fxe4 31. Nd2 Ke5 32. Rc1 Rf7 33. Nb3 Bxd5 34. Nd4 c5 35.
Rxf7 Nxf7 36. Ne2 Ra8 37. Nc3 Ng5 38. Rd1 Bc4 39. Nb1 d5 40. Nd2 Bd3 41. Nb3 Bc2
42. Ra1 Rxa1+ 43. Nxa1 Ba4 44. f4+ exf3 45. Kf2 Ne4+ 46. Kf1 Bxb5+ 47. Ke1 f2+ 0-1

[Event "Titled Tue 24th Jun Early"]
[Site "chess.com INT"]
[Date "2025.06.24"]
[Round "1"]
[White "Porozhnyak, Maya"]
[Black "Kislinsky, Alexey"]
[Result "0-1"]
[WhiteTitle "WCM"]
[BlackTitle "GM"]
[WhiteElo "1953"]
[BlackElo "2341"]
[WhiteFideId "34115843"]
[BlackFideId "14108801"]
[EventDate "2025.06.24"]

1. e4 c6 2. d4 d5 3. exd5 cxd5 4. Bb5+ Bd7 5. Bd3 Nc6 6. c3 Nf6 7. h3 g6 8. Nf3
Bf5 9. O-O Bxd3 10. Qxd3 Bg7 11. Bf4 O-O 12. Re1 e6 13. Nbd2 a6 14. Nf1 b5 15.
Ng3 Qb6 16. h4 h5 17. b4 a5 18. Bd6 Rfe8 19. Bc5 Qb7 20. a3 Ng4 21. Bd6 Rad8 22.
Bf4 e5 23. dxe5 Ncxe5 24. Nxe5 Nxe5 25. Qc2 Nc4 26. Rxe8+ Rxe8 27. Ne2 a4 28.
Nd4 Bxd4 29. cxd4 Qe7 30. Be5 Nxe5 31. dxe5 Qxe5 32. Rd1 d4 33. Qc6 Rd8 34. Qc2
Qd5 35. Qd3 Qc4 36. Qd2 d3 37. Rc1 Qxh4 38. Rc5 Qe4 39. Qg5 Qd4 40. Qd2 Qa1+ 41.
Kh2 Qxa3 42. Rxb5 Qb3 43. Rb6 a3 44. Qg5 Qd5 45. Rxg6+ fxg6 46. Qxg6+ Kf8 47.
Qf6+ Ke8 48. Qg6+ Kd7 49. Qg7+ Kc8 50. Qa7 Qd6+ 51. g3 Qc6 52. Qh7 d2 53. Qf5+
Kb7 54. Qf7+ Rd7 55. Qxh5 d1=Q 56. Qxd1 Rxd1 57. b5 Qh1# 0-1